[Event "Lisbon Portugal op"]
[Site "Lisbon"]
[Date "2020.01.25"]
[Round "1"]
[White "Curado, Manuel Joao Ferro"]
[Black "Vasli, Aref"]
[Result "0-1"]
[WhiteElo "1797"]
[BlackElo "2391"]
[PlyCount "42"]
[EventDate "2020.01.25"]
[EventType "swiss"]
[EventRounds "9"]
[EventCountry "POR"]
[SourceTitle "CBM 194"]
[Source "ChessBase"]
[SourceDate "2020.01.27"]
[SourceVersion "1"]
[SourceVersionDate "2020.01.27"]
[SourceQuality "1"]

1. e4 e5 2. Nf3 Nc6 3. d4 exd4 4. Nxd4 Bc5 5. Be3 Qf6 6. c3 Nge7 7. Be2 0-0 8. 0-0 d6 9. Kh1 Bb6 10. Qd2 Bd7 11. Na3 Qg6 12. f3 d5 13. Ndc2 Be6 14. Bxb6 axb6 15. exd5 Nxd5 16. Nb5 Rad8 17. Nbd4 Nxd4 18. Nxd4 Bc8 19. f4 c5 20. Bd3 Qh6 21. Ne2 Nf6 0-1

[Event "Seville op 45th"]
[Site "Seville"]
[Date "2020.01.10"]
[Round "1"]
[White "Curado, Manuel Joao Ferro"]
[Black "Grigoryan, Karen H"]
[Result "0-1"]
[WhiteElo "1797"]
[BlackElo "2632"]
[PlyCount "50"]
[EventDate "2020.01.10"]
[EventType "swiss"]
[EventRounds "9"]
[EventCountry "ESP"]
[SourceTitle "CBM 194 Extra"]
[Source "ChessBase"]
[SourceDate "2020.03.31"]
[SourceVersion "1"]
[SourceVersionDate "2020.03.31"]
[SourceQuality "1"]

1. e4 c5 2. Nf3 d6 3. d4 cxd4 4. Nxd4 Nf6 5. Nc3 a6 6. Be2 e5 7. Nb3 Be7 8. 0-0 0-0 9. Be3 Be6 10. f3 Nbd7 11. Qd2 Rc8 12. Rad1 Qc7 13. f4 b5 14. a3 Nb6 15. f5 Nc4 16. Bxc4 Bxc4 17. Rf3 Rfd8 18. Qf2 Ng4 19. Qg3 Nxe3 20. Rxe3 a5 21. Rf3 b4 22. f6 Bxf6 23. Nd5 Bxd5 24. exd5 Qxc2 25. Rdf1 Qg6 0-1

[Event "Gibraltar Challengers-B 13th"]
[Site "Caleta"]
[Date "2015.02.03"]
[Round "4"]
[White "Curado, Manuel Joao Ferro"]
[Black "Ungureanu, Sandu"]
[Result "0-1"]
[WhiteElo "1860"]
[BlackElo "2040"]
[PlyCount "53"]
[EventDate "2015.01.31"]
[EventType "swiss"]
[EventRounds "5"]
[EventCountry "GGB"]
[SourceTitle "CBM 164 Extra"]
[Source "ChessBase"]
[SourceDate "2015.03.02"]
[SourceVersion "1"]
[SourceVersionDate "2015.03.02"]
[SourceQuality "1"]

1. b4 c6 2. Bb2 Qb6 3. a3 a5 4. c4 axb4 5. c5 Qc7 6. axb4 Rxa1 7. Bxa1 Nf6 8. Nf3 Na6 9. Qb3 b6 10. Ne5 e6 11. d4 Nd5 12. Nd3 bxc5 13. dxc5 Qb8 14. g3 Ndxb4 15. Bg2 Nxd3+ 16. Qxd3 Nxc5 17. Qc2 Qb3 18. Qxb3 Nxb3 19. Bc3 f6 20. 0-0 Be7 21. Be4 0-0 22. Bc2 Nc5 23. e4 d5 24. Nd2 e5 25. Rb1 Kf7 26. Rb6 Bd7 27. Nb3 0-1

[Event "Gibraltar Masters 13th"]
[Site "Caleta"]
[Date "2015.02.02"]
[Round "7"]
[White "Curado, Manuel Joao Ferro"]
[Black "Lien, Kjell Hakon"]
[Result "0-1"]
[WhiteElo "1860"]
[BlackElo "2020"]
[PlyCount "64"]
[EventDate "2015.01.27"]
[EventType "swiss"]
[EventRounds "10"]
[EventCountry "GGB"]
[SourceTitle "CBM 165"]
[Source "ChessBase"]
[SourceDate "2015.03.11"]
[SourceVersion "1"]
[SourceVersionDate "2015.03.11"]
[SourceQuality "1"]

1. e4 c5 2. Nf3 d6 3. d4 cxd4 4. Nxd4 Nf6 5. Nc3 Bd7 6. Be2 Nc6 7. Nxc6 Bxc6 8. Bf3 g6 9. 0-0 Bg7 10. Be3 0-0 11. Qd2 Nd7 12. Rad1 f5 13. Nd5 Ne5 14. Bg5 Nxf3+ 15. gxf3 Rf7 16. Rfe1 fxe4 17. fxe4 Qd7 18. Bf4 Qg4+ 19. Bg3 h5 20. Qe2 Qxe2 21. Rxe2 Bxb2 22. Nf4 Kh7 23. Nd3 Bg7 24. Rb1 g5 25. h4 gxh4 26. Bxh4 Rg8 27. Kf1 Bh6 28. Rb4 Rfg7 29. f4 a5 30. Rb6 Rf7 31. f5 Rg4 32. Be1 Rxe4 0-1

[Event "Gibraltar Masters 13th"]
[Site "Caleta"]
[Date "2015.01.28"]
[Round "2"]
[White "Curado, Manuel Joao Ferro"]
[Black "Kuhne, Detlev"]
[Result "0-1"]
[WhiteElo "1860"]
[BlackElo "2131"]
[PlyCount "44"]
[EventDate "2015.01.27"]
[EventType "swiss"]
[EventRounds "10"]
[EventCountry "GGB"]
[SourceTitle "CBM 165"]
[Source "ChessBase"]
[SourceDate "2015.03.11"]
[SourceVersion "1"]
[SourceVersionDate "2015.03.11"]
[SourceQuality "1"]

1. e4 Nf6 2. Nc3 d5 3. exd5 Nxd5 4. d4 g6 5. Bc4 Nb6 6. Bb3 Bg7 7. Be3 0-0 8. Qd2 Nc6 9. Nge2 Na5 10. Bh6 Nac4 11. Qc1 e5 12. h4 exd4 13. Ne4 Re8 14. Bxg7 Kxg7 15. Qf4 Qe7 16. N4g3 c5 17. 0-0-0 Qe5 18. Qxe5+ Rxe5 19. Rhe1 Bg4 20. Bxc4 Nxc4 21. b3 Bxe2 22. bxc4 Rae8 0-1

[Event "POR-ch prel"]
[Site "Lisbon"]
[Date "2013.07.19"]
[Round "6.17"]
[White "Curado, Manuel Joao Ferro"]
[Black "Fidalgo, Andre Neves"]
[Result "0-1"]
[WhiteElo "1941"]
[BlackElo "1735"]
[PlyCount "54"]
[EventDate "2013.07.15"]
[EventType "swiss"]
[EventRounds "9"]
[EventCountry "POR"]
[SourceTitle "EXT 2015"]
[Source "ChessBase"]
[SourceDate "2014.11.20"]
[SourceVersion "1"]
[SourceVersionDate "2014.11.20"]
[SourceQuality "1"]

1. e4 c5 2. Nf3 Nc6 3. b4 cxb4 4. d4 d5 5. exd5 Qxd5 6. c4 bxc3 7. Nxc3 Qa5 8. Bd2 e6 9. Rb1 Be7 10. d5 exd5 11. Rb5 Qd8 12. Rxd5 Bd7 13. Ne4 Nf6 14. Nxf6+ Bxf6 15. Be2 Qe7 16. 0-0 Be6 17. Rb5 0-0 18. Qb1 b6 19. Bd3 g6 20. Be4 Qd7 21. Bh6 Rfd8 22. h4 Rac8 23. Bg5 Bxg5 24. Nxg5 Bc4 25. Nxh7 Kxh7 26. Rg5 Bd3 27. Bxg6+ fxg6 0-1

[Event "POR-ch prel"]
[Site "Lisbon"]
[Date "2013.07.16"]
[Round "2.2"]
[White "Reis, Luis Sousa"]
[Black "Curado, Manuel Joao Ferro"]
[Result "1/2-1/2"]
[WhiteElo "2259"]
[BlackElo "1941"]
[PlyCount "125"]
[EventDate "2013.07.15"]
[EventType "swiss"]
[EventRounds "9"]
[EventCountry "POR"]
[SourceTitle "EXT 2015"]
[Source "ChessBase"]
[SourceDate "2014.11.20"]
[SourceVersion "1"]
[SourceVersionDate "2014.11.20"]
[SourceQuality "1"]

1. e4 c5 2. Nf3 Nf6 3. e5 Nd5 4. Nc3 e6 5. Nxd5 exd5 6. d4 d6 7. Bb5+ Bd7 8. Bxd7+ Qxd7 9. 0-0 Nc6 10. exd6 Bxd6 11. Re1+ Be7 12. dxc5 0-0-0 13. Be3 Bf6 14. c3 Rhe8 15. Qa4 Re4 16. Qc2 Rde8 17. Red1 Qe6 18. Qd3 d4 19. cxd4 Nb4 20. d5 Nxd3 21. dxe6 Nxb2 22. exf7 Rf8 23. Rd5 Rxf7 24. Ng5 Bxg5 25. Bxg5 Rd7 26. Rxd7 Kxd7 27. Be3 Kc6 28. Rb1 Nd3 29. Kf1 Rc4 30. Rb3 Nxc5 31. Bxc5 Rxc5 32. Rg3 g6 33. a3 a5 34. Rh3 h5 35. Rb3 b5 36. h4 Rc4 37. g3 b4 38. axb4 Rxb4 39. Re3 Rd4 40. Ke2 Rd6 41. Re5 Rd5 42. Re8 Kd6 43. Ra8 Ke5 44. Ra6 Kf5 45. Ke3 Rb5 46. Kd4 Rb4+ 47. Kc3 Ra4 48. Kb3 Ra1 49. Kb2 Ra4 50. f3 Rb4+ 51. Ka3 Rb5 52. Rd6 Re5 53. Rd3 Rc5 54. Ka4 g5 55. hxg5 Kxg5 56. Rd4 Rf5 57. f4+ Kg4 58. Rd3 h4 59. gxh4 Kxh4 60. Rd4 Kg4 61. Rc4 Rxf4 62. Rxf4+ Kxf4 63. Kxa5 1/2-1/2

[Event "Figueira da Foz op 7th"]
[Site "Figueira da Foz"]
[Date "2010.11.07"]
[Round "9.24"]
[White "Mourato, Mario Luis da Costa"]
[Black "Curado, Manuel Joao Ferro"]
[Result "1-0"]
[WhiteElo "1855"]
[BlackElo "1920"]
[PlyCount "49"]
[EventDate "2010.10.31"]
[EventType "swiss"]
[EventRounds "9"]
[EventCountry "POR"]
[SourceTitle "EXT 2011"]
[Source "ChessBase"]
[SourceDate "2010.11.26"]
[SourceVersion "1"]
[SourceVersionDate "2010.11.26"]
[SourceQuality "1"]

1. d4 d5 2. Nf3 Nf6 3. g3 e6 4. Bg2 Nbd7 5. 0-0 b6 6. Bf4 Bb7 7. Nbd2 Be7 8. c4 0-0 9. Rc1 c5 10. Ne5 Rc8 11. Ndf3 Nxe5 12. Nxe5 Ne4 13. cxd5 exd5 14. Bh3 f5 15. f3 Nd6 16. dxc5 bxc5 17. Qb3 c4 18. Qb4 a6 19. a4 d4 20. Nxc4 Nxc4 21. Qxb7 g5 22. Qxa6 Rf6 23. Qb5 Rb6 24. Qxf5 Rc5 25. Qe4 1-0

[Event "Figueira da Foz op 7th"]
[Site "Figueira da Foz"]
[Date "2010.11.05"]
[Round "7.26"]
[White "Curado, Manuel Joao Ferro"]
[Black "Santos, Pedro Miguel da Ros"]
[Result "0-1"]
[WhiteElo "1920"]
[BlackElo "1874"]
[PlyCount "100"]
[EventDate "2010.10.31"]
[EventType "swiss"]
[EventRounds "9"]
[EventCountry "POR"]
[SourceTitle "EXT 2011"]
[Source "ChessBase"]
[SourceDate "2010.11.26"]
[SourceVersion "1"]
[SourceVersionDate "2010.11.26"]
[SourceQuality "1"]

1. e4 e5 2. Nf3 Nc6 3. Bc4 Be7 4. 0-0 Nf6 5. d3 d6 6. h3 0-0 7. c3 Na5 8. Bb5 a6 9. Ba4 b5 10. Bc2 c5 11. Be3 Bb7 12. Nbd2 Rc8 13. a4 Qc7 14. Qe2 Nc6 15. Nb3 Rfd8 16. Nfd2 g6 17. axb5 axb5 18. g4 Ne8 19. f4 exf4 20. Bxf4 Bf6 21. Nf3 b4 22. Qd2 bxc3 23. bxc3 Ne5 24. Bxe5 dxe5 25. Qf2 c4 26. Na5 cxd3 27. Bb3 Qc5 28. Nxb7 Qxf2+ 29. Rxf2 Rd7 30. Bd5 Rxc3 31. g5 Bg7 32. Ra8 Kf8 33. Rd2 Ke7 34. Ra5 Nc7 35. Nc5 Rd8 36. Na4 Nxd5 37. exd5 Rc1+ 38. Kg2 e4 39. Ra7+ Kf8 40. Nb6 Rc2 41. Rxc2 dxc2 42. Rc7 exf3+ 43. Kxf3 Bd4 44. Nc8 Rxd5 45. Rxc2 Rxg5 46. Rd2 Be5 47. Rd8+ Kg7 48. Rd7 h5 49. Rc7 Rf5+ 50. Ke4 Kh6 0-1

[Event "Figueira da Foz op 7th"]
[Site "Figueira da Foz"]
[Date "2010.11.03"]
[Round "5.22"]
[White "Aguiar, Henrique Rui Neves"]
[Black "Curado, Manuel Joao Ferro"]
[Result "1-0"]
[WhiteElo "1807"]
[BlackElo "1920"]
[PlyCount "89"]
[EventDate "2010.10.31"]
[EventType "swiss"]
[EventRounds "9"]
[EventCountry "POR"]
[SourceTitle "EXT 2011"]
[Source "ChessBase"]
[SourceDate "2010.11.26"]
[SourceVersion "1"]
[SourceVersionDate "2010.11.26"]
[SourceQuality "1"]

1. e4 g6 2. d4 Bg7 3. Nf3 c5 4. dxc5 Qa5+ 5. Nbd2 Qxc5 6. Bd3 d6 7. 0-0 Nf6 8. Nb3 Qc7 9. Nfd4 a6 10. f4 0-0 11. Qe1 Bd7 12. Kh1 Nc6 13. Be3 Rac8 14. h3 e5 15. Nxc6 Bxc6 16. fxe5 Nxe4 17. exd6 Nxd6 18. Rd1 Qe7 19. Bf4 Qxe1 20. Rfxe1 Nb5 21. c3 Rcd8 22. Na5 Nxc3 23. bxc3 Bxc3 24. Nxc6 bxc6 25. Rf1 Rd4 26. Be5 Rxd3 27. Rxd3 Bxe5 28. Ra3 Ra8 29. Ra5 Bd4 30. g4 h6 31. Kg2 f6 32. Kf3 Kf7 33. Rb1 Ke6 34. Ke4 Bf2 35. Rb7 Be1 36. Rc5 Kd6 37. Rc1 Re8+ 38. Kf3 Ba5 39. Rc2 Re5 40. Rf7 Re6 41. Ra7 Bb6 42. Rxa6 Kc7 43. Ra8 Re3+ 44. Kg2 Rd3 45. Rg8 1-0

[Event "POR-ch sf"]
[Site "Amadora"]
[Date "2009.09.06"]
[Round "2"]
[White "Curado, Manuel Joao Ferro"]
[Black "Silva, Miguel Alexandre Go"]
[Result "1/2-1/2"]
[WhiteElo "1902"]
[BlackElo "2028"]
[PlyCount "62"]
[EventDate "2009.09.05"]
[EventType "swiss"]
[EventRounds "9"]
[EventCountry "POR"]
[SourceTitle "EXT 2015"]
[Source "ChessBase"]
[SourceDate "2014.11.20"]
[SourceVersion "1"]
[SourceVersionDate "2014.11.20"]
[SourceQuality "1"]

1. e4 c5 2. Nf3 d6 3. d4 cxd4 4. Nxd4 Nf6 5. Nc3 g6 6. Bc4 Bg7 7. 0-0 0-0 8. Bb3 Nc6 9. Be3 Ng4 10. Nxc6 Nxe3 11. Nxe7+ Qxe7 12. fxe3 Bxc3 13. bxc3 Qxe4 14. Qd4 Bf5 15. Rf4 Qe5 16. Raf1 Rae8 17. e4 Qxd4+ 18. cxd4 Rxe4 19. Rxe4 Bxe4 20. Rf6 d5 21. Rd6 Rc8 22. Rd7 Rb8 23. c4 dxc4 24. Bxc4 Kh8 25. Bxf7 Bc6 26. Rd6 Rf8 27. Bb3 Kg7 28. d5 Bb5 29. h3 Rf6 30. Rd8 Rf8 31. Rd6 Rf6 1/2-1/2

[Event "Lisbon Honra"]
[Site "Lisbon"]
[Date "2009.06.23"]
[Round "4"]
[White "Aguiar, Carlos Alberto Bran"]
[Black "Curado, Manuel Joao Ferro"]
[Result "1/2-1/2"]
[WhiteElo "1938"]
[BlackElo "1939"]
[PlyCount "83"]
[EventDate "2009.06.20"]
[EventType "tourn"]
[EventRounds "9"]
[EventCountry "POR"]
[SourceTitle "EXT 2018"]
[Source "ChessBase"]
[SourceDate "2017.10.13"]
[SourceVersion "1"]
[SourceVersionDate "2017.10.13"]
[SourceQuality "1"]

1. d4 Nf6 2. Nf3 e6 3. Bg5 Be7 4. c4 d5 5. Nc3 0-0 6. e3 c6 7. cxd5 exd5 8. Rc1 h6 9. Bf4 Bf5 10. Be2 Nbd7 11. Ne5 Ne4 12. Nxe4 Bxe4 13. 0-0 Nxe5 14. Bxe5 Bd6 15. Bxd6 Qxd6 16. Bd3 Qg6 17. Bxe4 Qxe4 18. Qc2 Rfe8 19. Qxe4 Rxe4 20. b4 Rae8 21. b5 R8e6 22. bxc6 bxc6 23. Rc5 f5 24. g3 g5 25. Rfc1 f4 26. Rxd5 cxd5 27. Rc5 Rxd4 28. exd4 fxg3 29. fxg3 Ra6 30. Rxd5 Kf7 31. g4 Ke6 32. Re5+ Kd6 33. Rf5 Rxa2 34. Rf6+ Kd5 35. Rxh6 Kxd4 36. Rh5 Ke4 37. Rxg5 Kf3 38. Rf5+ Kxg4 39. Rf7 a5 40. Rg7+ Kh5 41. Ra7 a4 42. Ra8 1/2-1/2

[Event "Setubal District-ch final"]
[Site "Barreiro"]
[Date "2007.03.04"]
[Round "3"]
[White "Curado, Manuel Joao Ferro"]
[Black "Figueiredo, Mario Jose da Roch"]
[Result "0-1"]
[WhiteElo "1897"]
[BlackElo "2077"]
[PlyCount "72"]
[EventDate "2007.02.25"]
[EventType "swiss"]
[EventRounds "7"]
[EventCountry "POR"]
[SourceTitle "EXT 2023"]
[Source "ChessBase"]
[SourceDate "2022.10.05"]
[SourceVersion "1"]
[SourceVersionDate "2022.10.05"]
[SourceQuality "1"]

1. e4 d6 2. d4 g6 3. Nc3 Bg7 4. h3 Nc6 5. Nf3 e5 6. Bb5 Bd7 7. Be3 a6 8. Bxc6 Bxc6 9. Qd2 h6 10. 0-0-0 f5 11. dxe5 fxe4 12. Nd4 Bxe5 13. Nxc6 bxc6 14. Nxe4 Nf6 15. Nxf6+ Qxf6 16. c3 g5 17. h4 g4 18. Rdf1 Qg7 19. f4 Bf6 20. f5 0-0-0 21. Qd3 d5 22. Re1 Rhe8 23. Bf4 Kb7 24. Qd2 Rxe1+ 25. Qxe1 d4 26. c4 Qd7 27. Qb4+ Ka7 28. Qc5+ Kb7 29. g3 Be7 30. Qa5 Bd6 31. Rf1 Re8 32. f6 Qf7 33. b3 Qxf6 34. Qh5 Qe6 35. Qxh6 Ba3+ 36. Kb1 Qe2 0-1

[Event "Belenenses op 2nd"]
[Site "Lisbon"]
[Date "2007.01.05"]
[Round "5"]
[White "Curado, Manuel Joao Ferro"]
[Black "Placido, Maria Armanda Codea"]
[Result "1-0"]
[WhiteElo "1905"]
[BlackElo "1860"]
[PlyCount "47"]
[EventDate "2006.12.28"]
[EventType "swiss"]
[EventRounds "7"]
[EventCountry "POR"]
[SourceTitle "EXT 2022"]
[Source "ChessBase"]
[SourceDate "2021.10.06"]
[SourceVersion "1"]
[SourceVersionDate "2021.10.06"]
[SourceQuality "1"]

1. e4 e6 2. d4 d5 3. Nc3 Nf6 4. Bg5 Be7 5. e5 Nfd7 6. Bxe7 Qxe7 7. Bd3 Nc6 8. Qg4 g6 9. Nf3 Nb6 10. a4 Na5 11. Qg5 Qb4 12. 0-0 h6 13. Qf6 Rg8 14. Nb5 Kf8 15. Nxc7 Rb8 16. Nb5 Nd7 17. Qh4 Kg7 18. Nd6 Nc4 19. Bxc4 dxc4 20. Qe7 Qxb2 21. Nxf7 Nf8 22. N7g5+ Kh8 23. Qf6+ Rg7 24. Qxf8+ 1-0

[Event "Almada op 3rd"]
[Site "Almada"]
[Date "2007.??.??"]
[Round "2"]
[White "Catarina, Goncalo"]
[Black "Curado, Manuel Joao Ferro"]
[Result "1-0"]
[WhiteElo "1905"]
[BlackElo "1897"]
[PlyCount "77"]
[EventDate "2007.??.??"]
[EventType "swiss"]
[EventRounds "7"]
[EventCountry "POR"]
[SourceTitle "EXT 2010"]
[Source "ChessBase"]
[SourceDate "2010.11.25"]
[SourceVersion "1"]
[SourceVersionDate "2010.11.25"]
[SourceQuality "1"]

1. e4 d5 2. exd5 Nf6 3. d4 Qxd5 4. Nc3 Qd8 5. Nf3 Bg4 6. h3 Bh5 7. Be2 e6 8. a3 c6 9. Bg5 Nbd7 10. Ne5 Bxe2 11. Qxe2 Qb6 12. 0-0-0 Qa5 13. Nb1 Nd5 14. Bd2 Qc7 15. c4 N5b6 16. Bf4 Bd6 17. c5 Nd5 18. cxd6 Nxf4 19. Qf3 Qxd6 20. Qxf4 Nf6 21. Ng6 Qxf4+ 22. Nxf4 Ke7 23. Rhe1 Rhd8 24. Nc3 g5 25. Nfe2 b5 26. Ng3 Kf8 27. Nge4 Nxe4 28. Nxe4 h6 29. Re2 Rac8 30. Rc2 a5 31. Nc5 Rd5 32. Nb7 a4 33. Na5 Rd6 34. g4 Rc7 35. Kb1 c5 36. Rdc1 c4 37. b3 Ra7 38. b4 Rxd4 39. Nc6 1-0

[Event "Almada op 3rd"]
[Site "Almada"]
[Date "2007.??.??"]
[Round "6"]
[White "Curado, Manuel Joao Ferro"]
[Black "Fernandes, Luis Miguel"]
[Result "0-1"]
[WhiteElo "1897"]
[BlackElo "1933"]
[PlyCount "86"]
[EventDate "2007.??.??"]
[EventType "swiss"]
[EventRounds "7"]
[EventCountry "POR"]
[SourceTitle "EXT 2010"]
[Source "ChessBase"]
[SourceDate "2010.11.25"]
[SourceVersion "1"]
[SourceVersionDate "2010.11.25"]
[SourceQuality "1"]

1. d4 Nf6 2. c4 e6 3. Nc3 d5 4. Nf3 c6 5. g3 Bd6 6. Bg2 Nbd7 7. 0-0 0-0 8. e4 dxe4 9. Ng5 Re8 10. Ncxe4 Bc7 11. Qc2 h6 12. Nxf6+ Nxf6 13. Nf3 Bb6 14. Rd1 Qe7 15. h3 Rd8 16. Be3 Nd7 17. Bf4 g5 18. Be3 Kg7 19. Qc3 f6 20. Re1 Nf8 21. Rad1 Bd7 22. Qc1 Be8 23. h4 Nh7 24. Nh2 Bh5 25. Bf3 Bxf3 26. Nxf3 Re8 27. Kg2 Rad8 28. Rh1 Rh8 29. Rh2 Qf7 30. Rdh1 Qg6 31. hxg5 hxg5 32. Qc3 Rdf8 33. Nd2 Rfg8 34. g4 Nf8 35. Rxh8 Rxh8 36. Rxh8 Kxh8 37. f3 Qh6 38. Ne4 Bc7 39. Bg1 Ng6 40. Kf1 Qh3+ 41. Ke1 Nh4 42. Ke2 Qh2+ 43. Bf2 Ng6 0-1

[Event "Belenenses op 1st"]
[Site "Lisbon"]
[Date "2006.12.22"]
[Round "5"]
[White "Presado, Carlos MP"]
[Black "Curado, Manuel Joao Ferro"]
[Result "0-1"]
[WhiteElo "1968"]
[BlackElo "1905"]
[PlyCount "70"]
[EventDate "2006.12.18"]
[EventType "swiss"]
[EventRounds "7"]
[EventCountry "POR"]
[SourceTitle "EXT 2022"]
[Source "ChessBase"]
[SourceDate "2021.10.06"]
[SourceVersion "1"]
[SourceVersionDate "2021.10.06"]
[SourceQuality "1"]

1. e4 e5 2. Nf3 Nf6 3. Nc3 Nc6 4. Bc4 Bc5 5. 0-0 d6 6. d3 Bg4 7. Be3 0-0 8. Ne2 Bxe3 9. fxe3 d5 10. exd5 Nxd5 11. Bxd5 Qxd5 12. Nc3 Qd7 13. Qd2 h6 14. h3 Be6 15. e4 Rad8 16. Rae1 Ne7 17. Qe3 Ng6 18. a3 b6 19. Ne2 c5 20. Ng3 Rfe8 21. Rf2 f6 22. h4 Bg4 23. h5 Nf4 24. Nh4 Nxh5 25. Nxh5 Bxh5 26. Nf5 Bg6 27. g4 Bxf5 28. gxf5 Qd4 29. Qxd4 Rxd4 30. Re3 Red8 31. Rg3 R8d7 32. b3 b5 33. Rff3 c4 34. Kf1 cxb3 35. cxb3 Rc7 0-1

[Event "Barreiro op 12th"]
[Site "Lisbon"]
[Date "2006.12.06"]
[Round "6"]
[White "Ulyanovskyy, Viktor"]
[Black "Curado, Manuel Joao Ferro"]
[Result "1-0"]
[WhiteElo "2291"]
[BlackElo "1905"]
[PlyCount "39"]
[EventDate "2006.11.29"]
[EventType "swiss"]
[EventRounds "6"]
[EventCountry "POR"]
[SourceTitle "EXT 2022"]
[Source "ChessBase"]
[SourceDate "2021.10.06"]
[SourceVersion "1"]
[SourceVersionDate "2021.10.06"]
[SourceQuality "1"]

1. e4 c5 2. c3 d6 3. d4 Nd7 4. f4 e6 5. Nf3 Be7 6. Bd3 h6 7. 0-0 Qc7 8. e5 dxe5 9. fxe5 Nb6 10. Qe1 c4 11. Bc2 Bd7 12. Nfd2 0-0-0 13. Rxf7 Bf8 14. a4 a6 15. Qf1 Ne7 16. a5 Nbd5 17. Nxc4 Nc6 18. Nbd2 Be7 19. Be4 Rdf8 20. Bxd5 1-0

[Event "Barreiro op 12th"]
[Site "Lisbon"]
[Date "2006.12.05"]
[Round "5"]
[White "Curado, Manuel Joao Ferro"]
[Black "Ulyanovskyy, Vladimir Viktorovic"]
[Result "1/2-1/2"]
[WhiteElo "1905"]
[BlackElo "1772"]
[PlyCount "36"]
[EventDate "2006.11.29"]
[EventType "swiss"]
[EventRounds "6"]
[EventCountry "POR"]
[SourceTitle "EXT 2022"]
[Source "ChessBase"]
[SourceDate "2021.10.06"]
[SourceVersion "1"]
[SourceVersionDate "2021.10.06"]
[SourceQuality "1"]

1. b4 e5 2. Bb2 d6 3. e3 Nf6 4. Be2 Be7 5. c4 0-0 6. Nf3 Bg4 7. Nc3 Nbd7 8. 0-0 a5 9. a3 axb4 10. axb4 Rxa1 11. Qxa1 c6 12. h3 Bh5 13. d3 Qa8 14. Nd2 Bxe2 15. Nxe2 Nb6 16. Nc3 Qxa1 17. Rxa1 Ra8 18. Nb3 Bd8 1/2-1/2